000 00314nam a2200121Ia 4500
005 20260328104257.0
008 260328s9999||||xx |||||||||||||| ||und||
100 _aRojas, Edward
245 0 _aMarilyn ChiloƩ :
_b Patrimonio de la Humanidad /
_cEdward Rojas
260 _bMAM Chiloe
650 _aARTE
942 _cBK
999 _c10486
_d10486